Primer libro de la semana de Bello en Caracas. 25 de Noviembre - 1o. de Diciembre de 1951.

Đã lưu trong:
Chi tiết về thư mục
Tác giả của công ty: Ministerio de Educación (autor)
Định dạng: Sách
Ngôn ngữ:Tiếng Tây Ban Nha
Được phát hành: Caracas, Venezuela: Ediciones del Ministerio de Educación, 1952.
Loạt:Biblioteca venezolana de cultura.
Những chủ đề:
Các nhãn: Thêm thẻ
Không có thẻ, Là người đầu tiên thẻ bản ghi này!

MARC

LEADER 00000nam a2200000 a 4500
001 UCS7661
003 CL-VaPUC
005 20220822114415.0
008 971017e19520000ve 1 spa d
999 |c 383010  |d 383008 
040 |c Pontificia Universidad Católica de Valparaíso 
082 0 4 |a 340.092 MIN 1952  |2 21 
110 2 |a Ministerio de Educación  |e autor  |9 618554 
245 1 0 |a Primer libro de la semana de Bello en Caracas.   |b 25 de Noviembre - 1o. de Diciembre de 1951.  
260 |a Caracas, Venezuela:  |b Ediciones del Ministerio de Educación,   |c 1952.  
300 |a 371 páginas.  
490 0 |a Biblioteca venezolana de cultura. 
500 |a c.2 Donación Familia Prof. Alejandro Guzmán Brito.  
583 |a last modification  |c 19971017 00:00:00  |k Rodrigo Vera 
600 0 |a Bello, Andrés,   |d 1781-1865  |x Vida intelectual  |x Pensamientos  |9 545824 
942 |c BK  |2 ddc  |n 0 
945 |a aolguin  |d 19971017 00:00:00 
952 |0 0  |1 0  |4 0  |6 340_092000000000000_MIN_1952  |7 0  |8 DER_HDC  |9 504988  |a BIBDER  |b BIBDER  |d 2020-01-23  |i 1888722  |o 340.092 MIN 1952  |p 1888722  |r 2023-01-25  |w 2020-01-23  |x Ubicación 4to Piso  |y BK  |z Estos recursos deben solicitarse con anticipación  |k DER